000 00597nab a2200157Ia 4500
003 ES-SlBCS
005 20210601141250.0
008 140529s1999 xxu||||| |||| 00| 0 spa d
041 _aspa
100 1 _aMárquez-Fernández, Álvaro B.
_9237173
245 0 0 _aLa epistemología como disciplina científica para el desarrollo de la investigación en los estudios de postgrado
_c Álvaro B. Márquez-Fernández, Evaristo Méndz
650 0 4 _aEpistemología
_986254
700 1 _aMéndz, Evaristo
_9253847
773 0 _tEducaçao e Filosofia
_gvol. 13, nº. 26, 1999, págs. 89
_wRev1534
942 _cAR
999 _c657931
_d657931